[Event "EYCC Girls U16 2021"]
[Site "Tornelo"]
[Date "2021.10.15"]
[Round "4.10"]
[White "Naymanova, Patricie"]
[Black "Zabrzanska, Weronika"]
[Result "1-0"]
[WhiteElo "1894"]
[BlackElo "1892"]
[Annotator "NA"]
[PlyCount "53"]
[EventDate "2021.10.15"]
[EventType "swiss"]
[EventCountry "NET"]
[SourceTitle "playchess.com"]
[Source "ChessBase"]
[SourceQuality "1"]
[TimeControl "5400+30"]

1. d4 {[%emt 0:00:30]} Nf6 {[%emt 0:00:43]} 2. c4 {[%emt 0:00:05]} e6 {[%emt 0:00:07]} 3. Nf3 {[%emt 0:00:03]} d5 {[%emt 0:00:07]} 4. g3 {[%emt 0:00:04]} Be7 {[%emt 0:00:07]} 5. Bg2 {[%emt 0:00:02]} O-O {[%emt 0:00:09]} 6. O-O {[%emt 0:00:02]} dxc4 {[%emt 0:01:41]} 7. Qc2 {[%emt 0:00:07]} a6 {[%emt 0:00:05]} 8. a4 {[%emt 0:00:03]} Nbd7 {[%emt 0:03:24]} 9. Nbd2 {[%emt 0:00:07]} c5 {[%emt 0:05:21]} 10. Nxc4 {[%emt 0:00:22]} cxd4 {[%emt 0:00:50]} 11. Rd1 {[%emt 0:01:00]} Bc5 {[%emt 0:01:22]} 12. Nxd4 {[%emt 0:02:21]} Qe7 {[%emt 0:00:39]} 13. b3 {[%emt 0:24:14]} Rd8 {[%emt 0:07:53]} 14. Bb2 {[%emt 0:03:03]} Rb8 {[%emt 0:03:54]} 15. Na5 {[%emt 0:06:42]} Bxd4 {[%emt 0:03:42]} 16. Rxd4 {[%emt 0:00:12]} e5 {[%emt 0:02:35]} 17. Ba3 {[%emt 0:00:45]} Qe8 {[%emt 0:01:46]} 18. Rd6 {[%emt 0:01:26]} Nf8 {[%emt 0:01:34]} 19. Rad1 {[%emt 0:02:08]} Rxd6 {[%emt 0:01:33]} 20. Bxd6 {[%emt 0:00:10]} Ra8 {[%emt 0:00:30]} 21. Nxb7 {[%emt 0:02:16]} Ra7 {[%emt 0:01:42]} 22. Bxf8 {[%emt 0:13:46]} Bxb7 {[%emt 0:08:59]} 23. Qc7 {[%emt 0:03:25]} Qxf8 {[%emt 0:05:45]} 24. Rd8 {[%emt 0:01:14]} Ne8 {[%emt 0:01:14]} 25. Qd7 {[%emt 0:00:55]} Bc6 {[%emt 0:01:28]} 26. Qxa7 {[%emt 0:00:23]} Bxg2 {[%emt 0:00:43]} 27. Kxg2 {[%emt 0:00:05]} 1-0

[Event "EYCC Girls U16 2021"]
[Site "Tornelo"]
[Date "2021.10.15"]
[Round "4.11"]
[White "Lomaia, Diana"]
[Black "Russeva, Viktoria"]
[Result "1/2-1/2"]
[WhiteElo "2111"]
[BlackElo "1713"]
[Annotator "NA"]
[PlyCount "91"]
[EventDate "2021.10.15"]
[EventType "swiss"]
[EventCountry "NET"]
[SourceTitle "playchess.com"]
[Source "ChessBase"]
[SourceQuality "1"]
[TimeControl "5400+30"]

1. d4 {[%emt 0:00:30]} d5 {[%emt 0:00:35]} 2. c4 {[%emt 0:00:08]} e6 {[%emt 0:00:05]} 3. Nc3 {[%emt 0:00:08]} Nf6 {[%emt 0:00:06]} 4. cxd5 {[%emt 0:00:08]} exd5 {[%emt 0:00:06]} 5. Bg5 {[%emt 0:00:05]} Be7 {[%emt 0:00:08]} 6. e3 {[%emt 0:00:04]} c6 {[%emt 0:00:39]} 7. Bd3 {[%emt 0:00:06]} O-O {[%emt 0:00:27]} 8. Nge2 {[%emt 0:00:10]} Nbd7 {[%emt 0:00:51]} 9. Qc2 {[%emt 0:01:12]} Re8 {[%emt 0:01:39]} 10. O-O {[%emt 0:00:38]} Ne4 {[%emt 0:03:29]} 11. Bxe7 {[%emt 0:03:12]} Qxe7 {[%emt 0:00:46]} 12. Bxe4 {[%emt 0:00:18]} dxe4 {[%emt 0:00:08]} 13. Rab1 $11 {[%emt 0:04:55]} Nb6 {[%emt 0:05:38]} 14. Nf4 {[%emt 0:07:17]} Bf5 {[%emt 0:07:46]} 15. a4 {[%emt 0:06:03]} Rac8 {[%emt 0:07:10]} 16. b4 {[%emt 0:06:11]} Nd5 {[%emt 0:08:39]} 17. Ncxd5 {[%emt 0:09:12]} cxd5 {[%emt 0:00:25]} 18. Qb3 {[%emt 0:00:03]} Be6 {[%emt 0:00:42]} 19. Rbc1 {[%emt 0:00:49]} Qd7 {[%emt 0:07:30]} 20. b5 {[%emt 0:10:38]} b6 {[%emt 0:05:10]} 21. Qb2 {[%emt 0:10:37]} h6 {[%emt 0:24:36]} 22. h3 {[%emt 0:01:59]} Qd6 {[%emt 0:04:10]} 23. Rfd1 {[%emt 0:04:10]} Kh7 {[%emt 0:04:30]} 24. Kh1 {[%emt 0:12:20]} Red8 {[%emt 0:02:21]} 25. Ne2 {[%emt 0:11:10]} Re8 {[%emt 0:04:17]} 26. Nf4 {[%emt 0:03:25]} Red8 {[%emt 0:00:35]} 27. Nxe6 {[%emt 0:05:09]} fxe6 {[%emt 0:02:45]} 28. Qe2 {[%emt 0:00:02]} Rc7 {[%emt 0:01:32]} 29. Rxc7 {[%emt 0:00:51]} Qxc7 {[%emt 0:00:05]} 30. Qg4 {[%emt 0:00:11]} Qf7 {[%emt 0:05:16]} 31. f3 {[%emt 0:01:17]} exf3 {[%emt 0:00:19]} 32. gxf3 {[%emt 0:00:43]} Rc8 {[%emt 0:00:19]} 33. e4 {[%emt 0:02:21]} Rc3 {[%emt 0:01:42]} 34. Rf1 {[%emt 0:00:26]} dxe4 {[%emt 0:01:23]} 35. Qxe4+ {[%emt 0:00:02]} Qg6 {[%emt 0:00:08]} 36. Qe5 {[%emt 0:00:53]} Qd3 {[%emt 0:01:46]} 37. Rf2 {[%emt 0:00:02]} Rc1+ {[%emt 0:00:30]} 38. Kh2 {[%emt 0:00:02]} Qg6 {[%emt 0:00:45]} 39. Rg2 {[%emt 0:00:18]} Rc2 {[%emt 0:00:05]} 40. Rxc2 {[%emt 0:00:09]} Qxc2+ {[%emt 0:00:04]} 41. Kg3 {[%emt 0:00:02]} Qxa4 {[%emt 0:00:39]} 42. Qe4+ {[%emt 0:00:03]} Kh8 {[%emt 0:00:06]} 43. Qa8+ {[%emt 0:00:03]} Kh7 {[%emt 0:00:04]} 44. Qe4+ {[%emt 0:00:03]} Kh8 {[%emt 0:00:04]} 45. Qa8+ {[%emt 0:00:06]} Kh7 {[%emt 0:00:03]} 46. Qe4+ {[%emt 0:00:08]} 1/2-1/2

[Event "EYCC Girls U16 2021"]
[Site "Tornelo"]
[Date "2021.10.15"]
[Round "4.12"]
[White "Striskova, Lucia"]
[Black "Hakobyan, Astghik"]
[Result "1/2-1/2"]
[WhiteElo "1923"]
[BlackElo "2017"]
[Annotator "ChessBase"]
[PlyCount "112"]
[EventDate "2021.10.15"]
[EventType "swiss"]
[EventCountry "NET"]
[SourceTitle "playchess.com"]
[Source "ChessBase"]
[SourceQuality "1"]
[TimeControl "5400+30"]

1. e4 {[%emt 0:00:30]} c6 {[%emt 0:00:38]} 2. d4 {[%emt 0:00:12]} d5 {[%emt 0:00:04]} 3. Nc3 {[%emt 0:00:08]} dxe4 {[%emt 0:00:06]} 4. Nxe4 {[%emt 0:00:06]} Nf6 {[%emt 0:00:04]} 5. Nxf6+ {[%emt 0:00:30]} exf6 {[%emt 0:00:04]} 6. c3 {[%emt 0:00:33]} Bd6 {[%emt 0:00:05]} 7. Bd3 {[%emt 0:00:13]} O-O {[%emt 0:00:08]} 8. Qc2 {[%emt 0:00:57]} Re8+ {[%emt 0:00:04]} 9. Ne2 {[%emt 0:00:06]} h5 {[%emt 0:00:05]} 10. Be3 {[%emt 0:04:19]} Nd7 {[%emt 0:00:11]} 11. O-O-O {[%emt 0:00:15]} Nf8 {[%emt 0:00:07]} 12. h3 {[%emt 0:12:34]} Be6 {[%emt 0:01:32]} 13. Kb1 {[%emt 0:02:30]} b5 {[%emt 0:05:00]} 14. g4 {[%emt 0:04:04]} h4 {[%emt 0:00:24]} 15. Rhg1 {[%emt 0:01:23]} Qd7 {[%emt 0:06:41]} 16. Bc1 {[%emt 0:04:07]} Bc4 {[%emt 0:11:42]} 17. Bxc4 {[%emt 0:06:39]} bxc4 {[%emt 0:00:37]} 18. Nf4 {[%emt 0:00:11]} Bxf4 {[%emt 0:05:42]} 19. Bxf4 {[%emt 0:00:09]} Ng6 {[%emt 0:03:52]} 20. Bc1 {[%emt 0:00:15]} Qd5 {[%emt 0:01:26]} 21. f4 {[%emt 0:04:51]} Re4 {[%emt 0:12:12]} 22. f5 {[%emt 0:02:40]} Nf8 {[%emt 0:02:51]} 23. Qf2 {[%emt 0:03:06]} Rae8 {[%emt 0:01:00]} 24. Qxh4 {[%emt 0:06:11]} Qxf5 {[%emt 0:03:03]} 25. gxf5 {[%emt 0:04:21]} Rxh4 {[%emt 0:01:28]} 26. Rde1 {[%emt 0:03:12]} Rxe1 {[%emt 0:04:29]} 27. Rxe1 {[%emt 0:00:19]} Rxh3 {[%emt 0:01:44]} 28. Re8 {[%emt 0:00:07]} g5 {[%emt 0:06:03]} 29. fxg6 {[%emt 0:00:48]} fxg6 {[%emt 0:00:06]} 30. Rc8 {[%emt 0:00:14]} g5 {[%emt 0:04:16]} 31. Rxc6 {[%emt 0:00:45]} Kf7 {[%emt 0:03:30]} 32. Rxc4 {[%emt 0:04:16]} Ke6 {[%emt 0:01:51]} 33. Kc2 {[%emt 0:07:16]} Nd7 {[%emt 0:05:04]} 34. Ra4 {[%emt 0:06:20]} g4 {[%emt 0:02:26]} 35. d5+ {[%emt 0:01:39]} Kxd5 {[%emt 0:00:12]} 36. Rxg4 {[%emt 0:00:28]} Ne5 {[%emt 0:01:43]} 37. Rd4+ {[%emt 0:00:34]} Ke6 {[%emt 0:00:33]} 38. b4 {[%emt 0:02:26]} f5 {[%emt 0:01:05]} 39. a4 {[%emt 0:00:42]} Rh2+ {[%emt 0:01:45]} 40. Rd2 {[%emt 0:03:31]} Rh4 {[%emt 0:03:23]} 41. Re2 {[%emt 0:01:18]} f4 {[%emt 0:00:34]} 42. Rf2 {[%emt 0:00:47]} f3 {[%emt 0:00:33]} 43. Be3 {[%emt 0:01:11]} Rh7 {[%emt 0:01:24]} 44. Bd4 {[%emt 0:00:33]} Rf7 {[%emt 0:00:05]} 45. Rf1 {[%emt 0:02:02]} Nc4 {[%emt 0:05:02]} 46. Bxa7 {[%emt 0:02:22]} Rxa7 {[%emt 0:03:31]} 47. Rxf3 {[%emt 0:00:09]} Rxa4 {[%emt 0:00:59]} 48. Kb3 {[%emt 0:01:48]} Nd2+ {[%emt 0:00:05]} 49. Kxa4 {[%emt 0:00:06]} Nxf3 {[%emt 0:00:03]} 50. Kb5 {[%emt 0:00:39]} Ne5 {[%emt 0:01:00]} 51. Ka6 {[%emt 0:01:19]} Kd6 {[%emt 0:00:45]} 52. b5 {[%emt 0:00:21]} Nd7 {[%emt 0:00:42]} 53. Kb7 {[%emt 0:02:43]} Kc5 {[%emt 0:00:10]} 54. c4 {[%emt 0:00:26]} Nb6 {[%emt 0:00:11]} 55. Ka6 {[%emt 0:00:09]} Nxc4 {[%emt 0:00:03]} 56. b6 {[%emt 0:00:02]} Nxb6 {[%emt 0:00:04]} 1/2-1/2

[Event "EYCC Girls U16 2021"]
[Site "Tornelo"]
[Date "2021.10.15"]
[Round "5.1"]
[White "Bashylina, Luisa"]
[Black "Allahverdiyeva, Ayan"]
[Result "0-1"]
[WhiteElo "2127"]
[BlackElo "2051"]
[Annotator "TA"]
[PlyCount "76"]
[EventDate "2021.10.15"]
[EventType "swiss"]
[EventCountry "NET"]
[SourceTitle "playchess.com"]
[Source "ChessBase"]
[SourceQuality "1"]

{[%evp 12,76,-13,-21,-18,-34,0,-22,0,-10,26,26,22,21,18,18,20,15,17,28,20,26,42,0,0,0,0,-10,30,-54,-52,-44,20,22,32,35,46,35,43,29,42,4,4,4,4,0,177,199,186,167,231,108,99,43,43,-25,87,-48,-41,-179,-179,-229,-229,-456,-424,-972,-964]} 1. d4 d5 2. c4 c6 3. Nf3 Nf6 4. Nc3 e6 5. Bg5 h6 6. Bh4 dxc4 7. e3 b5 {D43: Semi-Slav: 5 Bg5 h6.} 8. a4 Qb6 9. Be2 {[#]} Bb7 $146 {The position is equal.} ({Predecessor:} 9... Nbd7 10. O-O Bb4 11. Qc2 O-O 12. Ne5 Nd5 13. Nxd7 Bxd7 14. Rfd1 a6 15. Bf3 Rfc8 {½-½ (59) Turaga,M (2256)-Kaupert,V (2254) ICCF email 2016}) 10. O-O a6 11. b3 cxb3 12. Qxb3 Nbd7 13. Rfd1 Be7 14. Ne5 Bd6 15. Nxd7 Nxd7 16. Ne4 Qc7 17. h3 {[%mdl 1024] White has compensation.} O-O 18. Rdc1 Rfc8 19. Bg4 Nf8 20. d5 (20. Nxd6 $11 Qxd6 21. Bf3) 20... c5 $15 21. Nxd6 Qxd6 ({Black should play} 21... Bxd5 $15 22. Nxb5 Qb7 {[%mdl 64] Pin}) 22. dxe6 $11 Nxe6 {Strongly threatening ...c4.} 23. axb5 axb5 24. Rxa8 Bxa8 25. Qxb5 Qd5 {[%csl Ga8][%cal Rd5g2]} 26. Bf3 Qd2 27. Rd1 Qc2 $40 {[%mdl 128] Black attacks.} 28. Qd7 Bxf3 $2 (28... Rf8 $11 {and Black has nothing to worry.}) 29. Qxc8+ $18 Kh7 30. Rd7 Bh5 (30... Ng5 $142 31. Rd8 (31. Bxg5 Qc1+ 32. Kh2 Qf1 $11 {[%mdl 64] Double Attack}) 31... Qb1+ 32. Kh2 Bxg2 33. Rh8+ (33. Kxg2 Qe4+ 34. Kh2 Qxh4 $16) 33... Kg6 34. Kxg2 Qe4+ 35. Kh2 (35. Kg3 Qe5+ 36. Kg2 Qe4+ 37. Kg3 Qe5+ 38. Kg2 Qe4+ $16) 35... Qxh4) 31. Qb7 (31. Bg3 $18) 31... c4 $16 {Black wants to play ...Nc5.} 32. Qd5 (32. Rd6 $16) 32... Bg6 $14 {[#]} 33. Qd1 (33. Bf6 $1 $14) 33... Qe4 {[#]} (33... Qb2 $1 $11 {keeps the balance.} 34. Rd6 c3) 34. Bg3 (34. Be7 $1 $16) 34... c3 $15 {Hoping for ...c2.} 35. Ra7 {Loses the game.} ({Better is} 35. Qe1 $15 Qc4 36. Rd1) 35... c2 $19 36. Qc1 Nc5 {Threatens to win with ...Nb3.} 37. f3 $2 (37. Ra2) 37... Qd3 38. Ra1 (38. Qe1 $142) 38... Nb3 {[%mdl 64] Double Attack.  Weighted Error Value: White=0.58/Black=0.24} 0-1

[Event "EYCC Girls U16 2021"]
[Site "Tornelo"]
[Date "2021.10.15"]
[Round "5.2"]
[White "Kanyamarala, Trisha"]
[Black "Tsotsonava, Elene"]
[Result "1/2-1/2"]
[WhiteElo "2082"]
[BlackElo "1887"]
[Annotator "TA"]
[PlyCount "89"]
[EventDate "2021.10.15"]
[EventType "swiss"]
[EventCountry "NET"]
[SourceTitle "playchess.com"]
[Source "ChessBase"]
[SourceQuality "1"]

{[%evp 14,89,28,33,41,9,26,15,0,-12,49,-34,-35,-41,-34,-61,-57,-39,0,-37,-41,-40,-31,-49,25,0,0,0,0,-5,0,-85,-20,-34,0,-49,-8,-39,-34,-36,-23,-141,-138,-150,-100,-141,-137,-153,-139,-335,-318,-333,-262,-328,-243,-332,-339,-402,-419,-389,-310,-281,-21,-14,-14,-98,-60,-195,-181,-228,-167,-504,0,-212,0,-465,0,-202]} 1. d4 d5 2. c4 dxc4 3. e3 Nf6 4. Bxc4 e6 5. Nf3 a6 6. O-O c5 7. Bb3 {7.b3 is the modern continuation.} cxd4 8. exd4 Be7 {D27: Queen's Gambit Accepted: Classical main line: 7 e4!? and 7 a4.} 9. Nc3 O-O 10. Bf4 Nc6 {[%cal Bb8c6,Bc6a5,Ba5c4][%mdl 32]} 11. Qd2 b5 (11... Na5 $11) 12. Rad1 ({White should try} 12. d5 $14 exd5 13. Nxd5) 12... Na5 $15 13. Bc2 Nc4 14. Qc1 Bb7 15. Ne5 {[#]} Nb6 $146 ({Predecessor:} 15... Rc8 16. Bd3 Nb6 17. Qe3 b4 18. Ne2 Nbd5 19. Qh3 Nxf4 20. Nxf4 Qd6 21. Rfe1 Rfd8 {1-0 (29) Roeder,F (2235)-Fischer,M (1900) Bad Woerishofen 1997}) 16. Qd2 Rc8 17. Bg5 b4 18. Bxf6 bxc3 (18... Bxf6 $15 19. Qd3 g6) 19. Qd3 {[%csl Gc2][%cal Rd3h7]} (19. Bxe7 {with more complications.} cxd2 20. Bxd8 Rfxd8 21. Rxd2 f6 22. Bb3) 19... g6 $40 {[%mdl 128] Black is up to no good.} 20. Bxe7 Qxe7 21. bxc3 Nd5 22. Qd2 (22. c4 $11 Nf4 23. Qd2 Nxg2 24. f3) 22... Rxc3 (22... Nxc3 $17 23. Rde1 a5) 23. Bb3 $11 Rfc8 24. Rfe1 Qh4 25. f3 (25. g3 $5 {[%cal Rg3h4]} Qf6 26. Rc1 $11) 25... R3c7 26. Ng4 h5 27. Nf2 {[#]} (27. Qh6 $1 $11) 27... Nc3 $1 $17 {[%cal Rc3d1]} 28. Ra1 Bd5 29. Bxd5 Nxd5 30. Re4 Qf6 31. Nd3 $2 (31. Re2 $17) 31... Rc2 $19 32. Qe1 R8c4 {Strongly threatening ...Nc3.} 33. Ne5 Qg5 {[%csl Gc2][%cal Rg5g2]} 34. g3 R4c3 {And now ...Rc1 would win.} 35. f4 Qf5 {Hoping for ...Rb2.} 36. Re2 Rxe2 37. Qxe2 Qc2 $2 ({Better is} 37... h4 $19 38. g4 Qxf4) 38. Qxc2 $1 $11 Rxc2 {[%mdl 4096] Endgame KRN-KRN} 39. a4 (39. Rb1 $1 $11) 39... h4 40. Ra3 {[#]} (40. gxh4 $15 Nc3 41. a5) 40... h3 $1 $19 41. Nf3 Rg2+ 42. Kh1 $2 (42. Kf1) 42... Rc2 (42... Nf6 $142 43. Ne1 Rd2) 43. Kg1 Rg2+ $2 (43... Nf6 44. Kf1 Ng4) 44. Kh1 $1 Rc2 (44... Nf6 $142 {( -> ...Ne4)} 45. Ne1 Rd2) 45. Kg1 {Weighted Error Value: White=0.42/Black=0.72} 1/2-1/2

[Event "EYCC Girls U16 2021"]
[Site "Tornelo"]
[Date "2021.10.15"]
[Round "5.3"]
[White "Follana Albelda, Lucia"]
[Black "Naymanova, Patricie"]
[Result "1-0"]
[WhiteElo "1904"]
[BlackElo "1894"]
[Annotator "TA"]
[PlyCount "79"]
[EventDate "2021.10.15"]
[EventType "swiss"]
[EventCountry "NET"]
[SourceTitle "playchess.com"]
[Source "ChessBase"]
[SourceQuality "1"]

{[%evp 23,78,16,34,15,18,25,28,14,20,15,23,29,27,15,25,0,275,295,218,228,236,201,304,312,279,267,318,258,277,272,275,277,276,241,231,173,313,303,309,308,298,301,374,353,362,347,518,520,502,518,486,462,1632,1631,12799,12799,29999]} 1. e4 c5 2. Nf3 d6 3. d4 cxd4 4. Nxd4 Nf6 5. Nc3 a6 6. f3 e5 7. Nb3 Be6 8. Be3 Be7 9. Qd2 O-O 10. O-O-O Nbd7 11. g4 b5 12. g5 b4 13. gxf6 {B90: Sicilian Najdorf: Unusual White 6th moves, 6 Be3 Ng4 and 6 Be3 e5.} bxc3 14. Qxc3 Nxf6 15. Na5 {White has an edge.} Rc8 16. Nc6 Qd7 {16...Qe8 is becoming the main line.} 17. Nxe7+ Qxe7 18. Qa5 Rc6 19. b3 {[#]} d5 $146 {[%mdl 8192] White stays focused until the end.} (19... Nh5 $11) ({Predecessor:} 19... Rfc8 20. c4 Nh5 21. Rg1 Qf6 22. Be2 Nf4 23. Bf1 Ng6 24. Rg3 h6 25. Kb1 Nf4 {0-1 (73) Murzin,V (2464)-Yeletsky,I (2448) Chess.com INT 2020}) 20. exd5 $18 Nxd5 21. Rxd5 Bxd5 22. Qxd5 Rd8 (22... Qa3+ $142 23. Kb1 Rd6) 23. Qa5 Qf6 {next ...e4 is good for Black.} ({Much worse is} 23... Qd6 24. Be2 $18) 24. Be2 Rdc8 25. Bd1 e4 {Threatens to win with ...Qa1+.} 26. Kb1 exf3 27. Rf1 Rc3 28. Bd2 R3c5 29. Rxf3 {Hoping for Qxc5.} Qg6 {[#]} (29... Qc6 {might work better.} 30. Qb4 Rxc2) 30. Rc3 $1 {[%mdl 512]} Rxc3 31. Bxc3 Qg1 {[#]} 32. Qd5 h6 (32... Qe3 33. Bb2) 33. Kb2 Qxh2 34. Bg4 Re8 (34... Rxc3 {was called for.} 35. Qd8+ Kh7 36. Kxc3 Qf4) 35. Qd4 {[%csl Gc3][%cal Rd4g7]} f6 36. Qd5+ Kh8 37. Qf7 Rg8 (37... Qb8 $142 38. Qg6 Re5 39. Bxe5 Qxe5+ 40. c3 Qh2+ 41. Ka3 Qe5) 38. Qg6 {White threatens Bf5 and mate.} Qg3 39. Bxf6 {[%cal Rg6h6]} a5 40. Qxh6# {Weighted Error Value: White=0.11/Black=0.85} 1-0

[Event "EYCC Girls U16 2021"]
[Site "Tornelo"]
[Date "2021.10.15"]
[Round "5.4"]
[White "Dietz, Kristin"]
[Black "Mihelic, Vesna"]
[Result "0-1"]
[WhiteElo "1924"]
[BlackElo "1882"]
[Annotator "TA"]
[PlyCount "100"]
[EventDate "2021.10.15"]
[EventType "swiss"]
[EventCountry "NET"]
[SourceTitle "playchess.com"]
[Source "ChessBase"]
[SourceQuality "1"]

{[%evp 19,100,37,46,28,54,37,37,32,33,0,47,30,41,39,35,25,50,17,49,34,47,44,53,45,42,39,57,27,51,-4,41,-212,-218,-218,-212,-202,-206,-216,-219,-228,-219,-219,-219,-231,-229,-261,-198,-179,-187,-230,-164,-164,-164,-168,-162,-341,-331,-366,-335,-382,-390,-529,-513,-584,-579,-610,-609,-12836,-12837,-12837,-674,-572,0,-12837,-12837,-12832,-12322,-29984,-29985,-29985,-29986,-29987,-29987]} 1. e4 e5 2. Nf3 Nc6 3. Bb5 a6 4. Ba4 d6 5. O-O Bg4 6. h3 Bh5 7. c3 Nf6 8. d3 Be7 9. Nbd2 {[%cal Bb1d2,Bd2f1,Bf1g3][%mdl 32]} O-O 10. Re1 Nd7 11. Nf1 {C87: Closed Ruy Lopez: Steinitz-type lines after 6 Re1 d6.} Bf6 12. g4 Bg6 13. Ng3 {White is slightly better.} Nc5 {[#]} 14. Bb3 $146 ({Predecessor:} 14. Bc2 Ne6 15. Nh2 Bg5 16. Qf3 Bf4 17. Be3 Qh4 18. Bxf4 Nxf4 19. Ne2 Nxh3+ 20. Kg2 {0-1 (86) Mikulas,D (2142)-Kebis,M (2008) Slovakia 2012}) 14... Ne6 15. Kg2 Ng5 16. Bxg5 Bxg5 17. Rh1 Bh4 18. Qd2 h6 19. Raf1 Qf6 20. Nxh4 (20. a3 {seems wilder.} Rae8 21. Re1 Ne7 22. Nxh4 Qxh4 23. f4) 20... Qxh4 21. f4 exf4 22. Rxf4 Rae8 23. Kh2 Qg5 24. Rg1 (24. Nf5 $14) 24... Ne5 {Hoping for ...Nf3+!} 25. Rg2 $2 {[%mdl 8192] [#]} (25. Rgf1 $14 {was the only good move.}) 25... Nxd3 $1 $19 {[%mdl 512]} 26. Rf1 Qxd2 27. Rxd2 Nc5 28. Bd5 Nxe4 29. Rd4 {[%cal Rd5e4]} Nxg3 30. Kxg3 c6 31. Bb3 d5 32. c4 Re4 33. Rxe4 Bxe4 {[%mdl 4096] Endgame KRB-KRB} 34. Re1 f5 35. cxd5 f4+ 36. Kf2 Bxd5 37. Bc2 $2 {[#]} (37. Bxd5+ cxd5 38. Kf3) 37... Kf7 ({Not} 37... Bxa2 38. b3 $17) 38. h4 g6 ({Don't play} 38... Bxa2 39. Kf3 $19) 39. a3 Kf6 40. b4 g5 41. hxg5+ hxg5 42. Bf5 Rh8 43. Kg1 Rh1+ 44. Kf2 Rh2+ (44... Rxe1 $142 45. Kxe1 Be6) 45. Kg1 Rh1+ (45... Rg2+ $142 46. Kf1 Ra2) 46. Kf2 Rxe1 47. Kxe1 Be6 48. Bxe6 Kxe6 {Black mates.} 49. Ke2 Ke5 50. Kf3 Kd4 {Weighted Error Value: White=0.62/Black=0.58} 0-1

[Event "EYCC Girls U16 2021"]
[Site "Tornelo"]
[Date "2021.10.15"]
[Round "5.5"]
[White "Kara, Gulce Nehir"]
[Black "Sulyok, Eszter"]
[Result "1-0"]
[WhiteElo "1766"]
[BlackElo "1913"]
[Annotator "RC"]
[PlyCount "75"]
[EventDate "2021.10.15"]
[EventType "swiss"]
[EventCountry "NET"]
[SourceTitle "playchess.com"]
[Source "ChessBase"]
[SourceQuality "1"]
[TimeControl "5400+30"]

1. e4 {[%emt 0:00:30]} c5 {[%emt 0:00:35]} 2. Nf3 {[%emt 0:00:05]} e6 {[%emt 0:00:03]} 3. c3 {[%emt 0:00:04]} d5 {[%emt 0:00:09]} 4. exd5 {[%emt 0:00:06]} exd5 {[%emt 0:03:00]} 5. Bb5+ {[%emt 0:00:28]} Bd7 {[%emt 0:00:53]} 6. Bxd7+ {[%emt 0:00:05]} Qxd7 {[%emt 0:00:21]} 7. Ne5 {[%emt 0:08:14]} Qe6 {[%emt 0:01:36]} 8. O-O {[%emt 0:03:53]} Bd6 {[%emt 0:07:59]} 9. Qa4+ {[%emt 0:06:41]} Nd7 {[%emt 0:01:28]} 10. Nf3 {[%emt 0:05:32]} Ne7 {[%emt 0:05:14]} 11. Re1 {[%emt 0:00:42]} Qf5 {[%emt 0:01:19]} 12. Na3 {[%emt 0:05:11]} Kd8 {[%emt 0:22:13]} 13. d4 {[%emt 0:08:01]} Nc6 {[%emt 0:06:15]} 14. Nb5 {[%emt 0:05:00]} Bb8 {[%emt 0:00:39]} 15. dxc5 {[%emt 0:15:05]} Nxc5 {[%emt 0:01:32]} 16. Qh4+ {[%emt 0:00:28]} f6 {[%emt 0:01:12]} 17. Be3 {[%emt 0:01:35]} Ne4 {[%emt 0:01:18]} 18. Red1 {[%emt 0:02:21]} Ke7 {[%emt 0:03:33]} 19. Nfd4 {[%emt 0:05:55]} Qd7 {[%emt 0:05:00]} 20. f3 {[%emt 0:03:59]} Nd6 {[%emt 0:00:54]} 21. Nxd6 {[%emt 0:02:17]} Bxd6 {[%emt 0:00:10]} 22. Nb5 {[%emt 0:00:41]} Rad8 {[%emt 0:02:54]} 23. Kh1 {[%emt 0:02:09]} a6 {[%emt 0:02:04]} 24. Nxd6 {[%emt 0:01:42]} Qxd6 {[%emt 0:00:23]} 25. Bf4 {[%emt 0:01:09]} Qc5 {[%emt 0:00:36]} 26. Re1+ {[%emt 0:03:07]} Kf7 {[%emt 0:00:24]} 27. Qg4 {[%emt 0:00:10]} g5 {[%emt 0:06:30]} 28. Bc7 {[%emt 0:01:19]} Rc8 {[%emt 0:02:05]} 29. Qd7+ {[%emt 0:02:55]} Kg6 {[%emt 0:00:13]} 30. f4 {[%emt 0:00:50]} d4 {[%emt 0:05:47]} 31. fxg5 {[%emt 0:01:36]} Qxg5 {[%emt 0:00:33]} 32. cxd4 {[%emt 0:04:00]} Nxd4 {[%emt 0:01:15]} 33. Re4 {[%emt 0:01:43]} Nf5 {[%emt 0:01:13]} 34. Rf1 {[%emt 0:01:11]} Nh6 {[%emt 0:03:18]} 35. h4 {[%emt 0:02:20]} Qb5 {[%emt 0:00:30]} 36. Rxf6+ {[%emt 0:02:50]} Kxf6 {[%emt 0:01:08]} 37. Qe7+ {[%emt 0:00:33]} Kf5 {[%emt 0:02:58]} 38. Qe6# {[%emt 0:00:18]} 1-0

[Event "EYCC Girls U16 2021"]
[Site "Tornelo"]
[Date "2021.10.15"]
[Round "5.6"]
[White "Zvereva, Margarita"]
[Black "Hertlein, Irena"]
[Result "1/2-1/2"]
[WhiteElo "2013"]
[BlackElo "1741"]
[Annotator "TA"]
[PlyCount "70"]
[EventDate "2021.10.15"]
[EventType "swiss"]
[EventCountry "NET"]
[SourceTitle "playchess.com"]
[Source "ChessBase"]
[SourceQuality "1"]

{[%evp 18,70,19,33,12,-37,-31,-29,-5,-18,-17,-31,-21,-14,-5,-13,-8,-27,-20,-65,-62,-56,-60,-35,97,95,204,210,220,215,216,213,213,213,207,233,121,13,13,0,0,0,0,0,0,0,0,0,0,0,0,0,0,0,0]} 1. d4 Nf6 2. Nf3 e6 3. c4 d5 4. g3 c6 5. Bg2 b6 6. O-O Bb7 7. Qc2 Be7 8. Rd1 O-O 9. Nc3 Nbd7 10. b3 Ba6 {E08: Closed Catalan: Main Line: 7 Qc2.} 11. Ne5 Nxe5 12. dxe5 {[#]} Nd7 $146 {Black has an edge.} ({Predecessor:} 12... Ng4 13. Bb2 Qb8 14. cxd5 cxd5 15. Nxd5 exd5 16. Bxd5 Bb7 17. Qe4 Bxd5 18. Rxd5 {0-1 (35) Lindgren,P (2347)-Christiansen,J (2558) Sweden 2020}) 13. cxd5 cxd5 14. e4 d4 {[%cal Rd4c3]} 15. Rxd4 Qc7 16. Bb2 Nxe5 17. Rad1 Rac8 18. Qb1 Bc5 19. R4d2 Bb4 20. Rc1 Rfd8 {[#]} (20... Qe7 $15 {stays ahead.}) 21. Nd5 $1 $16 {[%mdl 64] Double Attack, Discovered Attack} Qxc1+ (21... Qb8 22. Rxc8) 22. Bxc1 $18 exd5 23. Rxd5 Rxd5 24. exd5 Bd3 {[#]} 25. Qa1 Rc2 {Strongly threatening ...Bc3.} 26. Bb2 Ng4 {[#]} 27. a3 ({And not} 27. Bxg7 Ba3 $17) ({White should try} 27. h3 $1 $16 {[%cal Rh3g4]} Nxf2 28. Bxg7) 27... Bc5 $11 {The position is equal.} 28. Bd4 ({Not} 28. Bxg7 $2 Bxf2+ 29. Kh1 Be3 $19) 28... Bxd4 {[%mdl 64] Overworked Piece} 29. Qxd4 Rc1+ 30. Bf1 Rxf1+ 31. Kg2 Rxf2+ 32. Kg1 $1 Rf1+ $1 33. Kg2 {Hoping for d6.} Rf2+ 34. Kg1 $1 Rf1+ $1 35. Kg2 {aiming for d6.} Rf2+ {Black defended with fortune.  Weighted Error Value: White=0.18/Black=0.16} 1/2-1/2